000 00398 a2200145 4500
245 _aProblèmes pratiques d'endocrinologie : troisième série : coeur et maladies endocriniennes : thérapeutiques antihormonales
100 _aHazard, J.
260 _c1975
300 _a188 p.
035 _a0585
035 _a0586
999 _c16723
_d16723